000
00266nam a22000977a 4500
082
_a
358.20954
245
_a
Report on the engineer operation of the Tirah expeditionary fore 1897-98
526
_a
0
_b
0
_c
0
_d
358_209540000000000
650
_a
MCE
_9
379
942
_2
ddc
_c
BK
999
_c
552874
_d
552874